[Event "11. Abierto de la Constitucion"]
[Site "S.S. de los Reyes ESP"]
[Date "2009.12.07"]
[Round "8.1"]
[White "Roa Alonso, Santiago"]
[Black "Taboas Rodriguez, Daniel"]
[Result "1/2-1/2"]
[WhiteElo "2412"]
[BlackElo "2359"]
[PlyCount "111"]
[EventDate "2009.11.30"]
[EventType "swiss"]
[EventRounds "9"]
[EventCountry "ESP"]
[Source "lmi"]
[SourceDate "2009.11.30"]

1. e4 e6 2. d4 d5 3. Nc3 Nf6 4. Bg5 Be7 5. e5 Nfd7 6. Bxe7 Qxe7 7. Qd2 a6 8. f4
c5 9. Nf3 Nc6 10. dxc5 Nxc5 11. Bd3 O-O 12. O-O f6 13. exf6 Qxf6 14. g3 Bd7 15.
Rae1 Rae8 16. Qf2 Nxd3 17. cxd3 h6 18. Ne5 Nxe5 19. Rxe5 g5 20. Qd4 Bc6 21. Rf2
Qg7 22. Ne2 Bd7 23. Qe3 Rf5 24. Rxf5 exf5 25. Qd4 Qxd4 26. Nxd4 Re3 27. Rd2
gxf4 28. gxf4 Re1+ 29. Kf2 Rb1 30. Ke3 Kf7 31. Rc2 Re1+ 32. Kf2 Rh1 33. Rc7 Ke8
34. Rxb7 Rxh2+ 35. Kg3 Rd2 36. Rb6 Rxd3+ 37. Nf3 Bb5 38. Rxh6 Re3 39. Rh1 d4
40. Re1 Be2 41. Kf2 Rxf3+ 42. Kxe2 Rxf4 43. Kd3+ Kd7 44. Re5 Kc6 45. b4 Rf1 46.
Kxd4 f4 47. Rf5 f3 48. Ke3 Ra1 49. Rxf3 Rxa2 50. Rf5 Rb2 51. Ra5 Kb6 52. Ra4
Kb5 53. Ra5+ Kb6 54. Ra4 Rc2 55. Kd3 Rc6 56. Ra5 1/2-1/2

[Event "11. Abierto de la Constitucion"]
[Site "S.S. de los Reyes ESP"]
[Date "2009.12.07"]
[Round "8.2"]
[White "Barria Zuñiga, Daniel"]
[Black "Suarez Uriel, Adrian"]
[Result "1/2-1/2"]
[WhiteElo "2429"]
[BlackElo "2119"]
[PlyCount "21"]
[EventDate "2009.11.30"]
[EventType "swiss"]
[EventRounds "9"]
[EventCountry "ESP"]
[Source "lmi"]
[SourceDate "2009.11.30"]

1. e4 c5 2. Nf3 Nc6 3. d4 cxd4 4. Nxd4 g6 5. c4 Nf6 6. Nc3 d6 7. Be2 Nxd4 8.
Qxd4 Bg7 9. Be3 O-O 10. Qd2 Be6 11. Rc1 1/2-1/2

[Event "11. Abierto de la Constitucion"]
[Site "S.S. de los Reyes ESP"]
[Date "2009.12.07"]
[Round "8.3"]
[White "Almagro Llamas, Pablo"]
[Black "Elissalt Cardenas, Hector"]
[Result "1-0"]
[WhiteElo "2453"]
[BlackElo "2358"]
[PlyCount "91"]
[EventDate "2009.11.30"]
[EventType "swiss"]
[EventRounds "9"]
[EventCountry "ESP"]
[Source "lmi"]
[SourceDate "2009.11.30"]

1. e4 e5 2. Nf3 Nc6 3. Bb5 Nf6 4. O-O Nxe4 5. d4 Nd6 6. Bxc6 dxc6 7. dxe5 Nf5
8. Qxd8+ Kxd8 9. Nc3 Ne7 10. h3 h6 11. b3 Bf5 12. Nd4 Bg6 13. Ba3 Nf5 14. Bxf8
Rxf8 15. Nde2 Ne7 16. Rad1+ Ke8 17. Rd2 Rd8 18. Rfd1 Rxd2 19. Rxd2 Bf5 20. Nf4
g6 21. g4 Bc8 22. Ne4 Ng8 23. Kg2 Ke7 24. Kg3 b6 25. c3 a5 26. h4 Re8 27. f3
Rd8 28. Rxd8 Kxd8 29. h5 g5 30. Ne2 c5 31. f4 gxf4+ 32. Kxf4 Ke7 33. N2g3 Be6
34. Nf5+ Kf8 35. Nf6 Nxf6 36. exf6 a4 37. bxa4 Bxa2 38. Nxh6 Bb3 39. g5 Bxa4
40. g6 fxg6 41. hxg6 Bb3 42. Ke5 b5 43. g7+ Ke8 44. g8=Q+ Bxg8 45. Nxg8 Kf8 46.
Ke6 1-0

[Event "11. Abierto de la Constitucion"]
[Site "S.S. de los Reyes ESP"]
[Date "2009.12.07"]
[Round "8.4"]
[White "Ortega Ruiz, Jose Miguel"]
[Black "Candela Perez, Jose"]
[Result "1/2-1/2"]
[WhiteElo "2326"]
[BlackElo "2416"]
[PlyCount "119"]
[EventDate "2009.11.30"]
[EventType "swiss"]
[EventRounds "9"]
[EventCountry "ESP"]
[Source "lmi"]
[SourceDate "2009.11.30"]

1. d4 g6 2. c4 Bg7 3. Nc3 c5 4. d5 Bxc3+ 5. bxc3 Qa5 6. Bd2 f5 7. e4 fxe4 8. h4
Nf6 9. h5 Nxh5 10. g4 Ng7 11. Qe2 Qb6 12. Nh3 d6 13. Ng5 Qb2 14. Rc1 Nd7 15.
Nxh7 Ne5 16. Qxe4 Bxg4 17. Nf6+ exf6 18. Rxh8+ Kf7 19. Rxa8 Nf3+ 20. Qxf3 Bxf3
21. Bd3 Qxa2 22. Rb1 Qa6 23. Bh6 Nf5 24. Rh8 b6 25. Bd2 Kg7 26. Rb8 Bxd5 27.
Bxf5 Qxc4 28. Bc2 Bf3 29. Re8 d5 30. Re7+ Kf8 31. Re3 Qg4 32. Bd3 Qg1+ 33. Bf1
Bg2 34. Ke2 Qh1 35. Bxg2 Qxg2 36. Re1 g5 37. Rg3 Qe4+ 38. Kf1 Qh1+ 39. Ke2 Qe4+
40. Re3 Qg2 41. Ra1 Qg4+ 42. f3 Qd7 43. Kf2 a5 44. Rh1 Kg7 45. f4 g4 46. Kg3 a4
47. Bc1 b5 48. Rhe1 Qf5 49. Ba3 Qh5 50. Kg2 d4 51. cxd4 b4 52. Bc1 c4 53. Re7+
Kg6 54. Rh1 Qd5+ 55. Kg1 f5 56. Be3 Qf3 57. Rhh7 Qd1+ 58. Kf2 Qf3+ 59. Ke1 a3
60. Rhg7+ 1/2-1/2

[Event "11. Abierto de la Constitucion"]
[Site "S.S. de los Reyes ESP"]
[Date "2009.12.07"]
[Round "8.5"]
[White "Hernando Pertierra, Jose C"]
[Black "Quevedo Marin, Manuel"]
[Result "1-0"]
[WhiteElo "2374"]
[BlackElo "2171"]
[PlyCount "83"]
[EventDate "2009.11.30"]
[EventType "swiss"]
[EventRounds "9"]
[EventCountry "ESP"]
[Source "lmi"]
[SourceDate "2009.11.30"]

1. Nf3 c5 2. b3 d6 3. c4 e5 4. Nc3 Nc6 5. g3 g6 6. Bg2 Bg7 7. O-O Nge7 8. Bb2
O-O 9. d3 h6 10. e3 Bg4 11. h3 Be6 12. Rc1 Rb8 13. Qd2 f5 14. Ne1 b6 15. Nd5
Bf7 16. f4 Nxd5 17. cxd5 Nb4 18. e4 Nxa2 19. Ra1 Nb4 20. Rxa7 Ra8 21. Rxa8 Qxa8
22. fxe5 Qa2 23. Nf3 Qxb3 24. Bc3 Nxd3 25. exf5 dxe5 26. fxg6 Bxd5 27. Nh4
Rxf1+ 28. Bxf1 Nb4 29. Nf5 Nc6 30. Bd3 Nd4 31. Bxd4 cxd4 32. Ne7+ Kh8 33. Nxd5
Qxd5 34. Qc2 Qf3 35. Kh2 Bf8 36. Be4 d3 37. Qc7 Qf2+ 38. Bg2 Bg7 39. Qd8+ Bf8
40. Qxd3 Bc5 41. h4 h5 42. Qd7 1-0

[Event "11. Abierto de la Constitucion"]
[Site "S.S. de los Reyes ESP"]
[Date "2009.12.07"]
[Round "8.6"]
[White "Cerrato Torrijos, Maria"]
[Black "Gemy Vargas, Jose Daniel"]
[Result "0-1"]
[WhiteElo "1973"]
[BlackElo "2187"]
[PlyCount "118"]
[EventDate "2009.11.30"]
[EventType "swiss"]
[EventRounds "9"]
[EventCountry "ESP"]
[Source "lmi"]
[SourceDate "2009.11.30"]

1. e4 e6 2. d4 d5 3. Nc3 dxe4 4. Nxe4 Bd7 5. Nf3 Bc6 6. Bd3 Nd7 7. O-O Ngf6 8.
Ng3 Be7 9. c4 b6 10. Re1 O-O 11. Bf4 Bb7 12. Ne5 c5 13. Bc2 cxd4 14. Qxd4 Bc5
15. Qd1 Nxe5 16. Bxe5 Qxd1 17. Raxd1 Ng4 18. Bd4 Bxd4 19. Rxd4 Nf6 20. Red1
Rfc8 21. Ne4 Bxe4 22. Bxe4 e5 23. Bxa8 exd4 24. Bf3 Rxc4 25. b3 Rc2 26. Rxd4
Kf8 27. a4 Rc1+ 28. Rd1 Rxd1+ 29. Bxd1 Ke7 30. Be2 Nd7 31. f4 Kd6 32. b4 Kd5
33. Kf2 Kd4 34. a5 Nf6 35. Kf3 Nd5 36. axb6 axb6 37. b5 Nc3 38. Bf1 Kc5 39. Bd3
h6 40. g4 Nxb5 41. g5 Nd6 42. gxh6 gxh6 43. Kg4 Kd4 44. Bb1 b5 45. Kh5 Ke3 46.
f5 Kf4 47. Kxh6 Nxf5+ 48. Kh7 b4 49. Kg8 Nd6 50. Kg7 f5 51. Kf6 b3 52. h4 Kg4
53. h5 Kxh5 54. Ke5 Kg4 55. Kd4 Ne4 56. Bd3 b2 57. Ke5 Nd6 58. Kd4 Nb5+ 59. Ke5
f4 0-1

[Event "11. Abierto de la Constitucion"]
[Site "S.S. de los Reyes ESP"]
[Date "2009.12.07"]
[Round "8.7"]
[White "Muñoz Muñoz, Pablo"]
[Black "Juberias Guillen, Paloma"]
[Result "1-0"]
[WhiteElo "2027"]
[BlackElo "1611"]
[PlyCount "55"]
[EventDate "2009.11.30"]
[EventType "swiss"]
[EventRounds "9"]
[EventCountry "ESP"]
[Source "lmi"]
[SourceDate "2009.11.30"]

1. d4 d5 2. c4 e6 3. Nc3 c6 4. Nf3 Nf6 5. Bg5 Nbd7 6. cxd5 exd5 7. e3 Be7 8.
Bd3 O-O 9. O-O h6 10. Bh4 Re8 11. Qc2 b6 12. Rac1 c5 13. dxc5 bxc5 14. Rfd1 Bb7
15. Bb5 g5 16. Bg3 Bf8 17. Qf5 Re6 18. Ne5 Nb6 19. h4 gxh4 20. Bxh4 Bg7 21. Ng4
Qd6 22. Bxf6 Bxf6 23. Nxh6+ Kf8 24. Qh7 Bg7 25. Qg8+ Ke7 26. Nf5+ Kf6 27. Qxg7+
Kxf5 28. g4# 1-0

[Event "11. Abierto de la Constitucion"]
[Site "S.S. de los Reyes ESP"]
[Date "2009.12.07"]
[Round "8.8"]
[White "Semprun Martinez, Fernando"]
[Black "Montero Garcia, Fco Javier"]
[Result "1-0"]
[WhiteElo "2170"]
[BlackElo "1909"]
[PlyCount "53"]
[EventDate "2009.11.30"]
[EventType "swiss"]
[EventRounds "9"]
[EventCountry "ESP"]
[Source "lmi"]
[SourceDate "2009.11.30"]

1. e4 c5 2. Nf3 e6 3. b3 Nc6 4. Bb2 d6 5. Na3 Nf6 6. e5 dxe5 7. Bb5 Bd7 8. Bxc6
Bxc6 9. Bxe5 Bd6 10. Bb2 b5 11. Qe2 a6 12. O-O O-O 13. c4 Rb8 14. Ne5 Bxe5 15.
Bxe5 Rb7 16. Rad1 Rd7 17. cxb5 axb5 18. Nxb5 Ne4 19. Nc3 Nxd2 20. Rfe1 Qg5 21.
f4 Qd8 22. f5 Re8 23. Qg4 f6 24. fxe6 Nf3+ 25. gxf3 Rxd1 26. Rxd1 Qe7 27. Bd6
1-0

[Event "11. Abierto de la Constitucion"]
[Site "S.S. de los Reyes ESP"]
[Date "2009.12.07"]
[Round "8.9"]
[White "Pareja Alvarez, Diego"]
[Black "Barez Menendez, Hector"]
[Result "0-1"]
[WhiteElo "1918"]
[BlackElo "2144"]
[PlyCount "82"]
[EventDate "2009.11.30"]
[EventType "swiss"]
[EventRounds "9"]
[EventCountry "ESP"]
[Source "lmi"]
[SourceDate "2009.11.30"]

1. e4 e5 2. Nf3 Nf6 3. d4 exd4 4. e5 Ne4 5. Qxd4 d5 6. exd6 Nxd6 7. Bg5 f6 8.
Bf4 Nc6 9. Qe3+ Qe7 10. Qxe7+ Bxe7 11. Nc3 Be6 12. O-O-O O-O-O 13. Bb5 Nxb5 14.
Nxb5 Rxd1+ 15. Rxd1 Bd8 16. Nfd4 Nxd4 17. Nxd4 Bd7 18. Re1 c5 19. Nb3 b6 20.
Nd2 Bc7 21. Bxc7 Kxc7 22. Nc4 Re8 23. Ne3 Kc6 24. Kd2 b5 25. c3 a5 26. a3 Re4
27. g3 Re8 28. Rc1 Be6 29. c4 Rd8+ 30. Kc3 bxc4 31. Nxc4 Bxc4 32. Kxc4 Rd2 33.
f4 Rxb2 34. h4 Re2 35. Rc3 Re4+ 36. Kd3 Rd4+ 37. Kc2 Kd5 38. Re3 Re4 39. Rd3+
Ke6 40. Kc3 h5 41. Kd2 Rd4 0-1

[Event "11. Abierto de la Constitucion"]
[Site "S.S. de los Reyes ESP"]
[Date "2009.12.07"]
[Round "8.10"]
[White "Castejon Caballero, Natalia"]
[Black "Minguela Muñoz, Bienvenido"]
[Result "1-0"]
[WhiteElo "2102"]
[BlackElo "1904"]
[PlyCount "79"]
[EventDate "2009.11.30"]
[EventType "swiss"]
[EventRounds "9"]
[EventCountry "ESP"]
[Source "lmi"]
[SourceDate "2009.11.30"]

1. e4 c5 2. c3 e6 3. d4 cxd4 4. cxd4 Nf6 5. Bd3 Bb4+ 6. Bd2 Bxd2+ 7. Nxd2 d6 8.
Ngf3 Nc6 9. O-O O-O 10. Rc1 e5 11. dxe5 dxe5 12. Nc4 Bg4 13. h3 Bxf3 14. Qxf3
Qe7 15. Rfd1 Rfd8 16. g4 Ne8 17. Ne3 Nd4 18. Qg3 Nf6 19. Nf5 Nxf5 20. exf5 Rd4
21. Bc4 Ne4 22. Qe3 Qd6 23. Qb3 Nd2 24. Qxb7 Rf8 25. Be2 e4 26. Qc7 Qh6 27. Qc3
Rd3 28. Bxd3 Nf3+ 29. Kg2 Qf4 30. Qc7 Nh4+ 31. Kf1 Qf3 32. Bxe4 Qxh3+ 33. Ke1
Re8 34. Rd8 Qh1+ 35. Kd2 Qxe4 36. Rxe8+ Qxe8 37. Qc8 Nf3+ 38. Kd3 Ne5+ 39. Kd4
Nf3+ 40. Kd5 1-0

[Event "11. Abierto de la Constitucion"]
[Site "S.S. de los Reyes ESP"]
[Date "2009.12.07"]
[Round "8.11"]
[White "Vidaurre Vargas, Luis Alberto"]
[Black "Mansilla Tolosa, Luis E"]
[Result "0-1"]
[WhiteElo "1879"]
[BlackElo "2099"]
[PlyCount "148"]
[EventDate "2009.11.30"]
[EventType "swiss"]
[EventRounds "9"]
[EventCountry "ESP"]
[Source "lmi"]
[SourceDate "2009.11.30"]

1. d4 Nf6 2. c4 c5 3. e3 e6 4. Nf3 d5 5. Nc3 b6 6. Ne5 Be7 7. cxd5 Nxd5 8. Bb5+
Kf8 9. Qh5 g6 10. Qh6+ Kg8 11. O-O Bb7 12. Rd1 Nxc3 13. bxc3 Qd5 14. Nf3 c4 15.
Ba4 Qa5 16. Be8 Nc6 17. Bxc6 Bxc6 18. Ne5 Ba4 19. Bd2 Bxd1 20. Rxd1 Bf6 21. Nd7
Bg5 22. Qh3 Qa4 23. Qf3 Kg7 24. Ne5 Rhf8 25. Rf1 Qxa2 26. Bc1 Qa4 27. Qb7 Rae8
28. f4 Bf6 29. e4 Re7 30. Qc6 Qxc6 31. Nxc6 Rc7 32. Ne5 Bxe5 33. fxe5 h6 34.
Ba3 Rd8 35. Bd6 Rcd7 36. Ra1 b5 37. Ra5 Rb7 38. Kf2 f5 39. d5 exd5 40. exd5
Rxd6 41. exd6 Kf6 42. Ra6 Ke5 43. d7 Rxd7 44. Rxg6 Rd6 45. Rg7 a6 46. Ke3 Rxd5
47. Re7+ Kf6 48. Ra7 Rd6 49. Kf4 Rc6 50. Rh7 Kg6 51. Rb7 Re6 52. Rb8 Re4+ 53.
Kf3 Re6 54. Rb7 Kf6 55. Kf4 Rd6 56. Ra7 Kg6 57. Rb7 Re6 58. Rb8 a5 59. Rxb5 Ra6
60. Rb1 a4 61. Ra1 a3 62. Ke5 Kg5 63. Ra2 h5 64. Kd5 Rb6 65. Rxa3 Rb2 66. Ra8
Kf4 67. Rg8 h4 68. h3 Ke3 69. Kxc4 Kf2 70. Rg5 Kg1 71. Rxf5 Kxg2 72. Kc5 Kxh3
73. Rg5 Rg2 74. Rh5 Ra2 0-1

[Event "11. Abierto de la Constitucion"]
[Site "S.S. de los Reyes ESP"]
[Date "2009.12.07"]
[Round "8.12"]
[White "Lopez De Turiso Sanchez, Jose A"]
[Black "Camarero Izquierdo, Juan Carlos"]
[Result "1-0"]
[WhiteElo "2094"]
[BlackElo "1930"]
[PlyCount "51"]
[EventDate "2009.11.30"]
[EventType "swiss"]
[EventRounds "9"]
[EventCountry "ESP"]
[Source "lmi"]
[SourceDate "2009.11.30"]

1. e4 c5 2. c3 d6 3. d4 cxd4 4. cxd4 Nf6 5. Nc3 e6 6. Nf3 Be7 7. Bd3 O-O 8. O-O
Qa5 9. Bd2 Qh5 10. Ne2 e5 11. Ng3 Qg4 12. dxe5 dxe5 13. Nxe5 Qe6 14. Bc3 Bd6
15. Bc4 Qe7 16. Nf3 Bxg3 17. hxg3 Nxe4 18. Qe2 Re8 19. Rfe1 Qf8 20. Ng5 Nd6 21.
Qh5 Rxe1+ 22. Rxe1 h6 23. Bb4 g6 24. Qxg6+ Qg7 25. Bxf7+ Kh8 26. Bc3 1-0

[Event "11. Abierto de la Constitucion"]
[Site "S.S. de los Reyes ESP"]
[Date "2009.12.07"]
[Round "8.13"]
[White "Alvarez Gonzalez, Eduardo"]
[Black "Esquivias Gomez, Fco. Javier"]
[Result "1/2-1/2"]
[WhiteElo "1868"]
[BlackElo "2004"]
[PlyCount "60"]
[EventDate "2009.11.30"]
[EventType "swiss"]
[EventRounds "9"]
[EventCountry "ESP"]
[Source "lmi"]
[SourceDate "2009.11.30"]

1. d4 f5 2. Bg5 g6 3. c4 Bg7 4. e3 Nf6 5. Nc3 O-O 6. Nf3 d6 7. Qc2 c6 8. Be2 a5
9. O-O Na6 10. Rac1 Qe8 11. Bxf6 Bxf6 12. Na4 Rb8 13. Nb6 c5 14. Nxc8 Qxc8 15.
h4 e5 16. dxe5 dxe5 17. g3 Nb4 18. Qb1 e4 19. Ne1 Nc6 20. Ng2 Be5 21. Rfd1 Qc7
22. Rd5 Nb4 23. Rd2 Rbd8 24. Rxd8 Rxd8 25. a3 Nc6 26. b3 Rd2 27. Rc2 Rd7 28.
Rc1 Rd2 29. Rc2 Rd7 30. Rc1 Rd2 1/2-1/2

[Event "11. Abierto de la Constitucion"]
[Site "S.S. de los Reyes ESP"]
[Date "2009.12.07"]
[Round "8.14"]
[White "De La Orden Alcocer, Alejandro"]
[Black "Cavalle Pulla, Daniel"]
[Result "1-0"]
[WhiteElo "1780"]
[BlackElo "1812"]
[PlyCount "107"]
[EventDate "2009.11.30"]
[EventType "swiss"]
[EventRounds "9"]
[EventCountry "ESP"]
[Source "lmi"]
[SourceDate "2009.11.30"]

1. Nf3 Nf6 2. c4 g6 3. Nc3 Bg7 4. g3 O-O 5. Bg2 d6 6. Rb1 e5 7. d3 Nc6 8. O-O
Bd7 9. b4 a6 10. a4 Rb8 11. b5 axb5 12. axb5 Ne7 13. Bb2 Qc8 14. Re1 h6 15. Ra1
Be6 16. Qc2 Nd7 17. Nd2 Nc5 18. Nb3 Nxb3 19. Qxb3 f5 20. e3 g5 21. f4 Ng6 22.
Ra7 exf4 23. exf4 Bd4+ 24. Kh1 Bxa7 25. Rxe6 Kh7 26. Re2 c6 27. b6 Bxb6 28.
Qxb6 Qd7 29. fxg5 hxg5 30. Qd4 Rbe8 31. h3 Rxe2 32. Nxe2 Re8 33. Bf1 Ne5 34.
Ng1 Kg6 35. Ba3 Re6 36. Kg2 Rf6 37. Nf3 Nxf3 38. Kxf3 Qe6 39. Bb2 Rf7 40. Qe3
g4+ 41. Kf2 Qxe3+ 42. Kxe3 Re7+ 43. Kf2 c5 44. hxg4 fxg4 45. Be2 Kf5 46. Bc1 d5
47. Bf4 b6 48. cxd5 b5 49. d6 Rd7 50. Bd1 Rd8 51. Ke3 Re8+ 52. Kd2 Rd8 53. Bb3
Kf6 54. Bd5 1-0

[Event "11. Abierto de la Constitucion"]
[Site "S.S. de los Reyes ESP"]
[Date "2009.12.07"]
[Round "8.15"]
[White "Berzal Llorente, Jorge"]
[Black "Martinez Miura, Enrique"]
[Result "1-0"]
[WhiteElo "2122"]
[BlackElo "1747"]
[PlyCount "106"]
[EventDate "2009.11.30"]
[EventType "swiss"]
[EventRounds "9"]
[EventCountry "ESP"]
[Source "lmi"]
[SourceDate "2009.11.30"]

1. e4 e6 2. d4 d5 3. exd5 exd5 4. c4 c6 5. Nc3 h6 6. Bd3 Nf6 7. Nge2 Be7 8. O-O
O-O 9. Qb3 b6 10. Re1 Ba6 11. Bf4 Nbd7 12. Rad1 dxc4 13. Bxc4 Bxc4 14. Qxc4 Qc8
15. Ng3 b5 16. Qb3 Re8 17. d5 b4 18. dxc6 Qxc6 19. Nd5 Nxd5 20. Qxd5 Qxd5 21.
Rxd5 Nf6 22. Rde5 Bc5 23. Rxe8+ Rxe8 24. Rxe8+ Nxe8 25. Be5 f6 26. Bb8 a6 27.
Ne4 Bd4 28. b3 Kf7 29. Nd6+ Nxd6 30. Bxd6 Bc3 31. Kf1 Ke6 32. Bf8 f5 33. Ke2
Kd5 34. Kd3 h5 35. a3 a5 36. h3 g6 37. Be7 Be1 38. a4 Bxf2 39. Bd8 Bc5 40. Bxa5
g5 41. Bd8 g4 42. hxg4 hxg4 43. Bc7 Ba7 44. a5 Kc6 45. Bb6 Bb8 46. Kc4 f4 47.
Kxb4 f3 48. gxf3 gxf3 49. Bf2 Bd6+ 50. Kc4 Bc7 51. b4 Kb7 52. Kb5 Ka8 53. Ka6
Bg3 1-0

[Event "11. Abierto de la Constitucion"]
[Site "S.S. de los Reyes ESP"]
[Date "2009.12.07"]
[Round "8.16"]
[White "Serrano Nuñez, Dario"]
[Black "Nieto Esteban, Manuel"]
[Result "0-1"]
[WhiteElo "1977"]
[BlackElo "1801"]
[PlyCount "116"]
[EventDate "2009.11.30"]
[EventType "swiss"]
[EventRounds "9"]
[EventCountry "ESP"]
[Source "lmi"]
[SourceDate "2009.11.30"]

1. e4 e5 2. Nf3 Nf6 3. Nxe5 d6 4. Nf3 Nxe4 5. d4 d5 6. Bd3 Nc6 7. h3 Be7 8. O-O
O-O 9. c4 Nb4 10. Nc3 Nxd3 11. Qxd3 Nxc3 12. bxc3 dxc4 13. Qxc4 Be6 14. Qd3 Qd5
15. Be3 Bxh3 16. c4 Bf5 17. Qb3 Qe4 18. Rfe1 Qc6 19. d5 Qa6 20. Bxa7 Bd6 21.
Bd4 b6 22. Ne5 f6 23. Nc6 Rfe8 24. Re3 Rxe3 25. Bxe3 Qa3 26. Qb5 Qa4 27. Re1
Qxb5 28. cxb5 Rxa2 29. Bf4 Bxf4 30. Ne7+ Kf8 31. Nxf5 Rd2 32. g3 Bd6 33. Nxd6
cxd6 34. Rc1 Rxd5 35. Rc6 Rxb5 36. Rxd6 Ke7 37. Rd3 Ke6 38. Kg2 Rd5 39. Rb3 b5
40. Kf3 Re5 41. Rc3 b4 42. Rc6+ Kd5 43. Rc7 Rg5 44. Ke3 h5 45. Kd3 Rg4 46. Rd7+
Kc5 47. Kc2 g5 48. Rf7 Rc4+ 49. Kb2 h4 50. gxh4 gxh4 51. Rxf6 Rd4 52. Rh6 Kc4
53. Rh8 Kd3 54. Re8 Rf4 55. Re3+ Kd4 56. Re2 h3 57. Rd2+ Ke5 58. Rd8 Rh4 0-1

[Event "11. Abierto de la Constitucion"]
[Site "S.S. de los Reyes ESP"]
[Date "2009.12.07"]
[Round "8.17"]
[White "Iagar, Razvan-Gabriel"]
[Black "Garcia Lopez, Fernando"]
[Result "1/2-1/2"]
[WhiteElo "1971"]
[BlackElo "1658"]
[PlyCount "86"]
[EventDate "2009.11.30"]
[EventType "swiss"]
[EventRounds "9"]
[EventCountry "ESP"]
[Source "lmi"]
[SourceDate "2009.11.30"]

1. d4 Nf6 2. c4 e6 3. Nc3 d5 4. cxd5 Nxd5 5. Nf3 Nxc3 6. bxc3 Be7 7. e3 Nd7 8.
Bd3 Nf6 9. Qc2 g6 10. Rb1 b6 11. Ne5 Bb7 12. Bb5+ Kf8 13. f3 Qd5 14. O-O a6 15.
e4 Qd6 16. Be2 Kg7 17. Bh6+ Kg8 18. Qc1 Bf8 19. Bf4 Qd8 20. Bg5 h6 21. Bh4 g5
22. Bf2 Bd6 23. Nd3 Be7 24. e5 Nd7 25. Be3 f5 26. exf6 Bxf6 27. f4 Rh7 28. fxg5
Bxg5 29. Bxg5 Qxg5 30. Qxg5+ hxg5 31. Bg4 Bd5 32. Rf2 Bc4 33. Ne1 Rf8 34. Rbb2
Rxf2 35. Rxf2 Rf7 36. Be2 Rxf2 37. Kxf2 Bxa2 38. Bxa6 Nf6 39. Bd3 Kg7 40. Nf3
Kh6 41. Ne5 Kg7 42. Nf3 Kh6 43. Ne5 Kg7 1/2-1/2

[Event "11. Abierto de la Constitucion"]
[Site "S.S. de los Reyes ESP"]
[Date "2009.12.07"]
[Round "8.18"]
[White "Rial Rodriguez, Javier"]
[Black "Orellana Illescas, Julio"]
[Result "1-0"]
[WhiteElo "1786"]
[BlackElo "1816"]
[PlyCount "79"]
[EventDate "2009.11.30"]
[EventType "swiss"]
[EventRounds "9"]
[EventCountry "ESP"]
[Source "lmi"]
[SourceDate "2009.11.30"]

1. e4 c6 2. d4 d5 3. Nc3 dxe4 4. Nxe4 Bf5 5. Ng3 Bg6 6. Nf3 Nf6 7. Bc4 Nbd7 8.
O-O e6 9. Re1 Nd5 10. Bg5 Be7 11. Bxe7 Qxe7 12. Ne5 Nxe5 13. Rxe5 O-O 14. Nh5
Rad8 15. Qe2 Qh4 16. c3 Nf4 17. Nxf4 Qxf4 18. Rd1 Rd6 19. Re3 Rfd8 20. Bd3 Bxd3
21. Qxd3 g6 22. Rf3 Qg5 23. Qe3 Qxe3 24. fxe3 e5 25. Rf2 exd4 26. exd4 c5 27.
Rfd2 cxd4 28. Rxd4 Rxd4 29. Rxd4 Rxd4 30. cxd4 f5 31. Kf2 g5 32. Ke3 Kf7 33. b3
Ke6 34. g3 Kd5 35. h3 h5 36. h4 f4+ 37. Kf3 fxg3 38. hxg5 h4 39. g6 Ke6 40. d5+
1-0

[Event "11. Abierto de la Constitucion"]
[Site "S.S. de los Reyes ESP"]
[Date "2009.12.07"]
[Round "8.20"]
[White "Ananian, Arman"]
[Black "Jimenez Vera, Ruben"]
[Result "0-1"]
[WhiteElo "1777"]
[BlackElo "1554"]
[PlyCount "130"]
[EventDate "2009.11.30"]
[EventType "swiss"]
[EventRounds "9"]
[EventCountry "ESP"]
[Source "lmi"]
[SourceDate "2009.11.30"]

1. e4 c5 2. Nf3 Nc6 3. d4 cxd4 4. Nxd4 e6 5. Nc3 a6 6. Be2 Nf6 7. Bg5 d6 8. O-O
Be7 9. Kh1 Nxd4 10. Qxd4 e5 11. Qe3 O-O 12. f4 Ng4 13. Bxg4 Bxg4 14. Bxe7 Qxe7
15. f5 f6 16. Nd5 Qd8 17. Qb3 Kh8 18. Rab1 Be2 19. Rfe1 Bb5 20. Re3 Bc6 21. Nb6
Rb8 22. Rd1 Bb5 23. Nd5 Rc8 24. Nc3 Bc4 25. Qxb7 Rf7 26. Qb4 Rd7 27. b3 a5 28.
Qa3 Qb6 29. Rh3 Bf7 30. Na4 Qf2 31. c4 d5 32. Rf3 dxe4 33. Qc1 Rxd1+ 34. Qxd1
exf3 35. Qg1 fxg2+ 36. Qxg2 Qxg2+ 37. Kxg2 Rd8 38. Kf3 Rd2 39. c5 Bd5+ 40. Ke3
Rxh2 41. Nc3 Rh3+ 42. Kd2 Rxc3 43. Kxc3 h5 44. b4 axb4+ 45. Kxb4 h4 46. a4 h3
47. Ka5 h2 48. c6 Bxc6 49. Kb6 h1=Q 50. a5 Ba8 51. a6 Qb1+ 52. Ka7 Qg1+ 53.
Kxa8 e4 54. Kb7 Qb1+ 55. Kc6 e3 56. a7 Qa1 57. a8=Q+ Qxa8+ 58. Kd7 Qd5+ 59. Ke7
Qe5+ 60. Kf7 Qc7+ 61. Kg6 e2 62. Kh5 Qh2+ 63. Kg6 Qh6+ 64. Kf7 e1=R 65. Kf8 g5+
0-1

[Event "11. Abierto de la Constitucion"]
[Site "S.S. de los Reyes ESP"]
[Date "2009.12.07"]
[Round "8.24"]
[White "Kalynovsky, Martin"]
[Black "Fernandez Gil, Ruben Carlos"]
[Result "0-1"]
[WhiteElo "1601"]
[BlackElo "1662"]
[PlyCount "110"]
[EventDate "2009.11.30"]
[EventType "swiss"]
[EventRounds "9"]
[EventCountry "ESP"]
[Source "lmi"]
[SourceDate "2009.11.30"]

1. e4 e6 2. d3 d5 3. Nd2 Nf6 4. Ngf3 Nc6 5. g3 e5 6. exd5 Nxd5 7. Bg2 Bc5 8.
O-O O-O 9. Re1 Re8 10. a3 Bg4 11. Ne4 Bb6 12. c4 Nf6 13. Bg5 a5 14. Bxf6 gxf6
15. c5 Ba7 16. Qc2 Bxf3 17. Bxf3 Nd4 18. Qd1 f5 19. Nd2 Bxc5 20. Rc1 Ba7 21.
Nc4 Nc6 22. Bxc6 bxc6 23. Qf3 e4 24. dxe4 fxe4 25. Rxe4 Rxe4 26. Qxe4 Qd4 27.
Qxd4 Bxd4 28. Rd1 c5 29. a4 Rb8 30. Rb1 Kg7 31. Nxa5 Ra8 32. Nc6 Rxa4 33. b4
Kf6 34. Nxd4 cxd4 35. Rc1 Rxb4 36. Rxc7 Ke6 37. Rc1 Ke5 38. Rd1 Ke4 39. Kf1 d3
40. Ke1 Rb2 41. Kf1 Kd4 42. h3 Kc3 43. g4 Kc2 44. Ke1 Kc3 45. h4 Re2+ 46. Kf1
Re6 47. Rc1+ Kb2 48. Rc8 d2 49. Rb8+ Kc2 50. Rc8+ Kd1 51. f3 Rb6 52. h5 Rb2 53.
g5 Rc2 54. Rd8 Kc1 55. Rxd2 Rxd2 0-1

[Event "11. Abierto de la Constitucion"]
[Site "S.S. de los Reyes ESP"]
[Date "2009.12.08"]
[Round "9.1"]
[White "Almagro Llamas, Pablo"]
[Black "Roa Alonso, Santiago"]
[Result "1/2-1/2"]
[WhiteElo "2453"]
[BlackElo "2412"]
[PlyCount "97"]
[EventDate "2009.11.30"]
[EventType "swiss"]
[EventRounds "9"]
[EventCountry "ESP"]
[Source "lmi"]
[SourceDate "2009.11.30"]

1. e4 e5 2. Nf3 Nc6 3. Bb5 a6 4. Ba4 Nf6 5. O-O Be7 6. Bxc6 dxc6 7. Qe1 Nd7 8.
b3 c5 9. Bb2 Bd6 10. d3 O-O 11. Nbd2 f6 12. Nh4 Nb8 13. Nc4 Nc6 14. Rd1 Re8 15.
Qd2 a5 16. a4 Be6 17. f4 exf4 18. Nxd6 Qxd6 19. Rxf4 Nd4 20. Rf2 b6 21. Rdf1
Rad8 22. Bxd4 cxd4 23. Rf3 Bc8 24. Rg3 Re7 25. Qe2 Ree8 26. Qf3 Kh8 27. Qh5 Kg8
28. Rf5 Qf8 29. Rf4 Qf7 30. Qf3 Rd6 31. Qf2 c5 32. Nf3 Qe7 33. h3 Rdd8 34. Nd2
Rf8 35. Nc4 Qe6 36. Qf3 Rf7 37. Qh5 g6 38. Rh4 f5 39. Qh6 Bb7 40. exf5 Qxf5 41.
Rxg6+ Qxg6 42. Rg4 Rg7 43. Qh4 Qe8 44. Rxg7+ Kxg7 45. Qg5+ Kh8 46. Qf6+ Kg8 47.
Qg5+ Kh8 48. Qf6+ Kg8 49. Qg5+ 1/2-1/2